000 00735cab a2200229 4500
001 WB2941-40
008 090401t1993 xxu||||| |||| 00| 0 eng d
035 _a(Sirsi) u62762
041 _aeng
245 _aSurveyors face insurance risk
260 _c1993
350 _a0
490 _aEstates Gazette
_v(9343) 30 October 1993, 27(1)
520 _aHundreds of chartered surveyors are facing personal exposore for alleged negligence claims over work they have carried out in their former practices.
650 _aPROFESSIONAL INDEMNITY INSURANCE
650 _aRICS
650 _aRUN-OFF
690 _aINSURANCE
_96249
690 _aMANAGEMENT-BUSINESS MANAGEMENT-PROFESSIONAL PRACTICE
942 _n0
948 _c04/03/1997
999 _c38976
_d38976